[Event "New Delhi Parsvnath op 10th"]
[Site "New Delhi"]
[Date "2012.01.15"]
[Round "1"]
[White "Rathnakaran, Kantholi"]
[Black "Shrestha, Bibek"]
[Result "1-0"]
[WhiteElo "2403"]
[BlackElo "1667"]
[PlyCount "25"]
[EventDate "2012.01.15"]
[EventType "swiss"]
[EventRounds "11"]
[EventCountry "IND"]
[SourceTitle "CBM 146 Extra"]
[Source "ChessBase"]
[SourceDate "2012.02.29"]
[SourceVersion "1"]
[SourceVersionDate "2012.02.29"]
[SourceQuality "1"]

1. e4 e5 2. Nf3 Nc6 3. Bc4 Be7 4. c3 Nf6 5. d4 exd4 6. e5 Ne4 7. Bd5 Ng5 8. Nxg5 Bxg5 9. Qh5 0-0 10. Bxg5 Qe8 11. Bf6 gxf6 12. Be4 f5 13. Qxf5 1-0